• 首页
  • 本馆介绍
  • 公告通知
  • 最新文献
  • 馆藏检索
  • 电子资源
  • 读者导购
  • 参考咨询
  • 我的图书馆
  • 登录
  • 详细信息显示
  • 放入我的书架
  • 预约/预借图书
  • 作者相关作品
  • 分类相关作品
  • 丛书相关作品
  • 出版社相关作品

书目信息

  • 表格格式
  • 工作单格式
  • 卡片格式
书名: 奥斯卡·王尔德
作者: Peter Raby编.
分册号:
分册名:
出版地: 上海 :
 
出版社: 上海外语教育出版社
出版时间: 2001.
页数: 307页 ;
开本: 21cm.
丛书名: 剑桥文学指南
中图分类号:
科图分类号:
其他分类号: I561.04:H31
主题词:
电子资源:
000 00711cam 22000253aa45 0
001 01200106490
005 20070307100501.75
008 011010m2001 em ch 000 0 y01i
020    @a7-81080-215-1 :@cCNY20.50.
040    @aPFT@bchi
041    @aeng
090    @aI561.064@v4
090    @aI561.04:H31
099    @dI561.04:H31@ex119
100 1  @u(英)@a拉比@cP.@4编
245 10 @a奥斯卡·王尔德 :@bOscar Wilde / @cPeter Raby编.
246  1 @aOscar Wilde
250    @a影印本.
260 1  @a上海 :@b上海外语教育出版社,@c2001.
300    @a307页 ;@c21cm.
440  0 @a剑桥文学指南
500    @a本书由剑桥大学出版社授权出版
600 04 @a王尔德@2CT@d(1856~1900)@x文学研究
700 1  @u(英)@aRaby@cPeter@4编
    
    奥斯卡·王尔德 : : Oscar Wilde / / Peter Raby编.-影印本.-上海 : : 上海外语教育出版社, , 2001.
    307页 ; ; 21cm.- (剑桥文学指南 )
    本书由剑桥大学出版社授权出版
    
    ISBN 7-81080-215-1 :CNY20.50.
    
●
相关链接 在E读中查询图书 在五车中查询图书 在当当中查询图书 在豆瓣中查询图书


正题名:奥斯卡·王尔德     索取号:I561.04:H31/x119         预约/预借

序号 登录号 条形码 馆藏地/架位号 状态 备注
1 000657   300006570   第二样本阅览室/ [索取号:I561.04:H31/x119] 在馆    
2 000658   300006589   第四借阅区/ [索取号:I561.04:H31/x119] 在馆    
3 000659   300006598   第四借阅区/ [索取号:I561.04:H31/x119] 在馆    
4 000660   300006605   第四借阅区/ [索取号:I561.04:H31/x119] 在馆    
5 000661   300006614   第四借阅区/ [索取号:I561.04:H31/x119] 在馆    
6 000662   300006623   第四借阅区/ [索取号:I561.04:H31/x119] 在馆    
7 000663   300006632   第四借阅区/ [索取号:I561.04:H31/x119] 在馆    
8 000664   300006641   第四借阅区/ [索取号:I561.04:H31/x119] 在馆    
9 000665   300006650   第四借阅区/ [索取号:I561.04:H31/x119] 在馆    
10 000666   300006669   第四借阅区/ [索取号:I561.04:H31/x119] 在馆    
唐山师范学院图书馆 欢迎您!
大连网信软件有限公司© 版权所有